(Inter)facing death : life in global uncertainty /

Bibliographic Details
Main Author: Han, Sam, 1984- (Author)
Corporate Author: Taylor & Francis
Format: eBook
Language:English
Published: Abingdon, Oxon ; New York, NY : Routledge, 2020.
Series:Classical and contemporary social theory.
Subjects:
Online Access:Connect to the full text of this electronic book

MARC

Tag First Indicator Second Indicator Subfields
LEADER 00000cam a2200000 i 4500
001 in00004097621
005 20200420141135.0
006 m do | |
007 cr |||||||||||
008 191003t20202020enk ob 001 0 eng
010 |a  2019024433 
020 |a 9781315446769  |q electronic book 
020 |a 1315446766  |q electronic book 
020 |a 9781315446752  |q electronic book  |q electronic book 
020 |a 1315446758  |q electronic book  |q electronic book 
020 |a 9781315446738  |q electronic book  |q Mobipocket 
020 |a 1315446731  |q electronic book  |q Mobipocket 
020 |a 9781315446745  |q electronic book  |q EPUB 
020 |a 131544674X  |q electronic book  |q EPUB 
020 |z 9781138214095  |q hardcover 
020 |z 9781138214101  |q paperback 
024 8 |a 40029580788 
035 |a (DLC)ybp16260027 
037 |a 9781315446769  |b Taylor & Francis 
040 |a NhCcYBP  |c NhCcYBP  |d UtOrBLW 
042 |a pcc 
050 4 |a HQ1073  |b .H358 2020 
072 7 |a SOC  |x 000000  |2 bisacsh 
072 7 |a SOC  |x 026000  |2 bisacsh 
072 7 |a JHB  |2 bicssc 
082 0 0 |a 306.9  |2 23 
100 1 |a Han, Sam,  |d 1984-  |e author.  |0 http://id.loc.gov/authorities/names/n2007048116 
245 1 0 |a (Inter)facing death :  |b life in global uncertainty /  |c Sam Han. 
246 3 0 |a Interfacing death 
264 1 |a Abingdon, Oxon ;  |a New York, NY :  |b Routledge,  |c 2020. 
264 4 |c ©2020 
300 |a 1 online resource. 
336 |a text  |b txt  |2 rdacontent 
337 |a computer  |b n  |2 rdamedia 
338 |a online resource  |b nc  |2 rdacarrier 
490 1 |a Classical and contemporary social theory 
504 |a Includes bibliographical references and index. 
545 0 |a Sam Han is Senior Lecturer of Anthropology and Sociology in the School of Social Sciences at the University of Western Australia. He is the author of Technologies of Religion: Spheres of the Sacred in a Post-Secular Modernity(2017)and Digital Culture and Religion in Asia (2018)(with Kamaludeen Mohamed Nasir), and other works. 
588 |a Description based on online resource; title from digital title page (viewed on December 03, 2019). 
500 |a Electronic resource. 
650 0 |a Death  |x Social aspects.  |0 http://id.loc.gov/authorities/subjects/sh2008117503 
655 7 |a Electronic books.  |2 local 
710 2 |a Taylor & Francis.  |0 http://id.loc.gov/authorities/names/n84073022 
776 1 8 |i Print version:  |a Han, Sam, 1984-  |t (Inter)facing death  |d Abingdon, Oxon ; New York, NY : Routledge, 2020.  |z 9781138214095  |w (DLC) 2019024432 
830 0 |a Classical and contemporary social theory.  |0 http://id.loc.gov/authorities/names/no2012123954 
856 4 0 |u http://proxy.library.tamu.edu/login?url=https://www.taylorfrancis.com/books/9781315446769  |z Connect to the full text of this electronic book  |t 0 
955 |a YBP purchased approval e-records 
980 |b 165.00  |g 1 
999 f f |s ca4f670a-e129-3e8a-a101-a97b1f82761f  |i e5169e1c-8c7a-3691-aaa2-3832447f02b1  |t 0 
952 f f |a Texas A&M University  |b College Station  |c Electronic Resources  |d Available Online  |t 0  |e HQ1073 .H358 2020  |h Library of Congress classification 
998 f f |a HQ1073 .H358 2020  |t 0  |l Available Online